| 000 | 00574 a2200253 4500 | ||
|---|---|---|---|
| 260 | _aParis | ||
| 100 | _aLUXEMBOURG,Rosa | ||
| 700 | _aPETIT, Iréne | ||
| 440 | _n11 | ||
| 260 | _bMaspero | ||
| 245 | _aL'accumulation du capital | ||
| 260 | _c1976 | ||
| 300 | _b2v. ; 22 cm | ||
| 130 | _lFr. | ||
| 440 | _a(Bibilothèque socialiste) | ||
| 035 | _a01466 | ||
| 035 | _a01469 | ||
| 500 | _aTitre origial : Die akkumulation des Kapitals | ||
| 020 | _a2-7071-0174-5 | ||
| 020 | _a2-7071-0175-3 | ||
| 999 |
_c12817 _d12817 |
||